00682nam a2200157 a 450000100100000000500170001000800410002704000250006808200160009311001380010924500860024726000330033330000270036695201140039399900170050700003026020200930060158.0110505s2010 dr a r 000 0 spa d aDO-SdBNPbspacBNPHU axxxxbR426m1 aRepública DominicanabSecretaría de Estado de Economía, Planificación y Desarrollo.bOficina Nacional de Estadística93469310aMetodología del cálculo del déficit habitacional en República Dominicana. aSanto Domingo :bONE,c2010. a61 p. :bil. ;c28 cm. 0010718PDaPDbPDcCTd2011-05-05iLF1l0oxxxx R426mp30260-10r2020-06-25w2020-06-25yLFPDZNo se presta c29752d29752